000 00517cam a2200205ua 4500
001 966
005 20260515113242.0
008 110425n ii |||gr||||Z||||||eng
020 _a81-7169-537-x
040 _cMAIN
082 _a320.954
245 1 _aCaste in Indian politics.
_cBy S.K Khanna.
250 _a1st.
260 _aNew Delhi.:
_bCommonwelth publishers.,998.
300 _a344 p.:
_c25 cm.
653 _aPolitical science.
653 _aCaste in Indian politics.
700 1 _aKhanna, S K.,
942 _cBK
999 _c886
_d886